000 00468nam a2200157 i 4500
001 70366
003 ES-MaACL
005 20230906170811.0
007 t|
008 040722s1960 sp ||||1| spa d
100 1 _aGarcía-Salve, Francisco.
_955252
245 1 0 _aYo estrené mi juventud /
_cFrancisco García-Salve.
260 _aBilbao :
_bEl Mensajero del Corazón de Jesús,
_c1960.
300 _a131 p., 8 lám. ;
_c19 cm.
852 _aES-MaACL
_jC-20217
_bR.47362
999 _c70366
_d70366